Score 0/48 Timer 07:00
14 Plays Today
Lyrics % Correct
a
98.5%
in
98.1%
the
97.9%
(SpongeBob
97.7%
a
97.7%
sea?
97.6%
lives
97.4%
under
97.4%
Who
97.3%
(SpongeBob
97.2%
the
97.2%
(SpongeBob
97%
(SpongeBob
97%
SpongeBob
97%
SpongeBob
97%
SpongeBob
97%
SpongeBob
97%
SquarePants!)
96.8%
SquarePants!)
96.3%
SquarePants!)
96.1%
SquarePants!)
96.1%
SquarePants!
96.1%
SquarePants!
96.1%
SquarePants!
96.1%
Lyrics % Correct
SquarePants!
96.1%
pineapple
96.1%
he?
80.7%
and
80.5%
and
80.4%
and
80.2%
yellow
77.2%
is
76%
fish!
73.4%
you
72.8%
like
70.1%
wish,
68.8%
something
65.4%
flop
64.6%
deck
63.8%
porous
63.2%
on
62.9%
be
56.2%
nonsense
55.8%
nautical
55%
Absorbent
50.9%
then
50.1%
drop
48.3%
If
48.1%
Come Together.
Have Fun.
All Virtual.
We all need to come together. Play Sporcle's virtual live trivia to have fun, connect with people, and get your trivia on. Join a live hosted trivia game for your favorite pub trivia experience done virtually. If a virtual private party is more your thing, go here for details.

You're not logged in!

Compare scores with friends on all Sporcle quizzes.
OR
Log In

Sporcle TV

Today on Sporcle TV


Watch our educational content, quiz creation guides, and fun videos on Sporcle TV.

Show Comments

Extras

Top Quizzes Today


Score Distribution

Paid Content

Your Account Isn't Verified!

In order to create a playlist on Sporcle, you need to verify the email address you used during registration. Go to your Sporcle Settings to finish the process.

Report this User

Report this user for behavior that violates our Community Guidelines.

Details: